| 000 | 02350nam a2200397 4500 | ||
|---|---|---|---|
| 003 | EC-UNACH | ||
| 005 | 20250515153659.0 | ||
| 006 | s||||gr|||| 00| 00 | ||
| 008 | 150116t9999 mx r gr 000 0 spa d | ||
| 020 | _a25287761 | ||
| 040 |
_aEC-UNACH _cEC-UNACH |
||
| 041 | _aspa | ||
| 082 | 0 | 4 |
_223 _a300 _bL017770 |
| 110 | _aCentro Andino de Acción Popular (CAAP) | ||
| 245 | _aEcuador Debate N°122. Élites y derechas en América Latina | ||
| 250 | _aPrimera edición | ||
| 264 |
_aQuito – Ecuador _bCAAP _c2024 |
||
| 300 |
_a220 páginas _bTabla, Gráficos _c14,5 X 21 cm |
||
| 505 | _aCOYUNTURA.- Estados Unidos 2024: elecciones políticas o guerra cultural ¿Un dilema coyuntural o una corriente profunda? La derecha al poder en la Argentina (1983-2023): los casos de Propuesta Republicana (PRO) y La Libertad Avanza (LLA). Conflictividad socio-política Marzo Junio 2024. -- TEMA CENTRAL.- resentación del Tema Central: Élites y derechas en América Latina. La derecha peruana y su deriva neogolpista. Antipopulismo y radicalización de las derechas en Ecuador. Dominación y conflicto político del uribismo en Colombia. 2002-2010. La derecha en México: entre el Yunque y Vox. De Macri a Milei: la peligrosa obsesión de las clases dominantes argentinas. La internacional reaccionaria y su influjo sobre América Latina. -- DEBATE AGRARIO. Jóvenes indígenas: propósitos y desafíos. – ANÁLISIS.- La cadena del reciclaje: aportes sociales, económicos y ambientales. El caso de la Asociación "17 de septiembre en Portoviejo. -- RESEÑAS.- La (des)regulación de la riqueza en América Latina. Lecturas interdisciplinarias en tiempos de pospandemia. Pensamiento agrario: derribando mitos. Una antología de la obra de Fausto Jordán. | ||
| 650 | _aLA DERECHA EN ARGENTINA | ||
| 650 | _aURIBISMO EN COLOMBIA | ||
| 650 | _aLA DERECHA EN MÉXICO | ||
| 650 | _aFAUSTO JORDÁN | ||
| 650 | _aRIQUEZA EN AMÉRICA LATINA | ||
| 700 | _a Bustamante, Fermando | ||
| 700 | _a Leiras, Santiago C. | ||
| 700 | _aDurand Guevara, Arahi | ||
| 700 | _aRamirez Gallegos, Franklin | ||
| 700 | _aTzeiman, Andrés | ||
| 942 |
_2ddc _c1 |
||
| 999 | _c13565 | ||